Normal view
MARC view
- MS-EM-4 MSTHESIS
Entry Topical Term
001 - CONTROL NUMBER
- control field: 72569
003 - CONTROL NUMBER IDENTIFIER
- control field: NUST
005 - DATE AND TIME OF LATEST TRANSACTION
- control field: 20210628204828.0
008 - FIXED-LENGTH DATA ELEMENTS
- fixed length control field: 210628|| aca||aabn | a|a d
040 ## - CATALOGING SOURCE
- Original cataloging agency: NUST
- Transcribing agency: NUST
150 ## - HEADING--TOPICAL TERM
- Topical term or geographic name entry element: MS-EM-4 MSTHESIS
670 ## - SOURCE DATA FOUND
- Source citation: Work cat.: (NUST): RAZA NOOR 72568, TH-SOF-0922-ANALYSIS OF USERs TRAINING AS MANAGEMENT OF AN ERP SYSTEM & DEVELOPMENT OF AN IMPLEMENTATION MODEL FOR DEFENSE SECTOR ORGANIZATION, 2001
